The noble scholar, jurist, historian


 His Excellency Dr. Abdul Wahhab bin Ibrahim Abu Sulaiman, may Allah have mercy on him.


 He was born in Umm Al-Qura in the year 1356 AH.

تبصير المنتبه بتحرير المشتبه / (Record no. 779)

MARC details
000 -LEADER
fixed length control field 02734cam a22003491i 4500
003 - CONTROL NUMBER IDENTIFIER
control field SA-RiAUC
005 - DATE AND TIME OF LATEST TRANSACTION
control field 20241020133201.0
008 - FIXED-LENGTH DATA ELEMENTS--GENERAL INFORMATION
fixed length control field 240924k19641967le g 000 0dara c
040 ## - CATALOGING SOURCE
Original cataloging agency OM-MuSQU
Language of cataloging ara
Transcribing agency SA-RiAUC
Description conventions rda
050 #4 - LIBRARY OF CONGRESS CALL NUMBER
Item number .I26 1964
082 04 - DEWEY DECIMAL CLASSIFICATION NUMBER
Classification number 234.83
090 ## - LOCALLY ASSIGNED LC-TYPE CALL NUMBER (OCLC); LOCAL CALL NUMBER (RLIN)
Classification number (OCLC) (R) ; Classification number, CALL (RLIN) (NR) 234.83 ا ب ن ح
100 1# - MAIN ENTRY--PERSONAL NAME
Personal name ابن حجر العسقلاني، أحمد بن علي بن محمد،
Dates associated with a name 773-852 هجري
Relator term مؤلف.
245 10 - TITLE STATEMENT
Title تبصير المنتبه بتحرير المشتبه /
Statement of responsibility, etc. أحمد بن علي بن حجر العسقلاني ؛ تحقيق محمد علي النجار ؛ مراجعة علي محمد البجاوي.
264 #1 - PRODUCTION, PUBLICATION, DISTRIBUTION, MANUFACTURE, AND COPYRIGHT NOTICE
Place of production, publication, distribution, manufacture بيروت :
Name of producer, publisher, distributor, manufacturer المكتبة العلمية،
Date of production, publication, distribution, manufacture, or copyright notice 1964-1967
300 ## - PHYSICAL DESCRIPTION
Extent 4 مجلد ؛
Dimensions 24 سم.
336 ## - CONTENT TYPE
Content type term نص
Content type code txt
Source rdacontent
Materials specified كتاب
337 ## - MEDIA TYPE
Media type term بدون وسيط
Media type code n
Source rdamedia
338 ## - CARRIER TYPE
Carrier type term مجلد
Carrier type code nc
Source rdacarrier
490 1# - SERIES STATEMENT
Series statement تراثنا
590 ## - LOCAL NOTE (RLIN)
Local note عبد المنعم.
650 #7 - SUBJECT ADDED ENTRY--TOPICAL TERM
Topical term or geographic name entry element الأسماء والكنى والألقاب والأنساب في الحديث
Source of heading or term aucsh
700 1# - ADDED ENTRY--PERSONAL NAME
Personal name البجاوي، علي محمد،
Dates associated with a name 1903-1979
Relator term محقق.
700 1# - ADDED ENTRY--PERSONAL NAME
Personal name النجار، محمد علي،
Dates associated with a name 1895-1965
Relator term مراجع.
700 12 - ADDED ENTRY--PERSONAL NAME
Personal name الذهبي، محمد بن أحمد بن عثمان،
Dates associated with a name 673-748 هجري
Title of a work المشتبه في أسماء الرجال.
740 22 - ADDED ENTRY--UNCONTROLLED RELATED/ANALYTICAL TITLE
Uncontrolled related/analytical title المشتبه في أسماء الرجال.
830 #0 - SERIES ADDED ENTRY--UNIFORM TITLE
Uniform title تراثنا (المكتبة العلمية)
856 ## - ELECTRONIC LOCATION AND ACCESS
Uniform Resource Identifier <a href="http://www.alwaraq.net/Core/waraq/coverpage?bookid=286&amp;option=1">http://www.alwaraq.net/Core/waraq/coverpage?bookid=286&amp;option=1</a>
Link text External Link
Access method نرجو الانتباه لإمكانية وجود اختلاف في الطبعة أو الناشر بين البيانات على البوابة وما ستجده على الكتاب نظرا لمحدودية المعلومات المتاحة على الموقع الناشر للمادة.
Materials specified Please note that there may be a difference in the edition or publisher between the data on the portal and the book due to the limited information available on the publisher website for the material.
856 ## - ELECTRONIC LOCATION AND ACCESS
Uniform Resource Identifier <a href="http://www.alwaraq.net/Core/AlwaraqSrv/bookpage?book=286&amp;option=1&fkey=2&page=1">http://www.alwaraq.net/Core/AlwaraqSrv/bookpage?book=286&amp;option=1&fkey=2&page=1</a>
Link text Digital Copy
Access method نرجو الانتباه لإمكانية وجود اختلاف في الطبعة أو الناشر بين البيانات على البوابة وما ستجده على الكتاب نظرا لمحدودية المعلومات المتاحة على الموقع الناشر للمادة.
Materials specified Please note that there may be a difference in the edition or publisher between the data on the portal and the book due to the limited information available on the publisher website for the material.
942 ## - ADDED ENTRY ELEMENTS (KOHA)
Source of classification or shelving scheme Dewey Decimal Classification
Koha item type Books
Suppress in OPAC No
949 ## - LOCAL PROCESSING INFORMATION (OCLC)
a SA-JeALM
d 240924
u mohamedma123
n 1
Holdings
Withdrawn status Lost status Source of classification or shelving scheme Materials specified (bound volume or other part) Damaged status Not for loan Home library Current library Date acquired Total checkouts Full call number Barcode Date last seen Price effective from Koha item type
    Dewey Decimal Classification القسم الاول     DR AbdElwahab Library DR AbdElwahab Library 10/02/2024   234.83 ا ب ن ح 000001015 10/02/2024 10/02/2024 Books
    Dewey Decimal Classification القسم الثاني     DR AbdElwahab Library DR AbdElwahab Library 10/20/2024   234.83 ا ب ن ح 000002026 10/20/2024 10/20/2024 Books
    Dewey Decimal Classification القسم الثالث     DR AbdElwahab Library DR AbdElwahab Library 10/20/2024   234.83 ا ب ن ح 000002027 10/20/2024 10/20/2024 Books
    Dewey Decimal Classification القسم الرابع     DR AbdElwahab Library DR AbdElwahab Library 10/20/2024   234.83 ا ب ن ح 000002028 10/20/2024 10/20/2024 Books